Píšící Minervy : vybrané kapitoly z dějin české literární kritiky /

Hlavní autor: Heczková, Libuše, 1967-
Jazyk: Čeština
Vydáno: V Praze : Filozofická fakulta Univerzity Karlovy, 2009
Vydání: Vyd. 1.
Edice: Mnemosyne ; sv. 1
Témata:
Externí odkaz: Digitalizovaný dokument
Fyzický popis: 402 s. ; 19 cm
Language note: Anglické resumé
Knihy
Uloženo v:
LEADER 02488nam a2200613 a 4500
001 nkc20092005873
003 CZ PrNK
005 20110603073718.0
007 ta
008 091012s2009 xr e 001 0 cze
015 |a cnb002005873 
020 |a 978-80-7308-282-6  |q (brož.) 
035 |a (OCoLC)505914287 
040 |a ABA001  |b cze 
041 0 |a cze  |b eng 
043 |a e-xr--- 
045 |a w-x- 
072 7 |a 821.162.3.09  |x Česká literatura (o ní)  |2 Konspekt  |9 11 
080 |a 821.162.3  |2 MRF 
080 |a 82-055.2  |2 MRF 
080 |a 070.4  |2 MRF 
080 |a 82-95:141.72  |2 MRF 
080 |a 316.423.6-055.2  |2 MRF 
080 |a (437.3)  |2 MRF 
080 |a (048.8)  |2 MRF 
100 1 |a Heczková, Libuše,  |d 1967-  |7 xx0050197  |4 aut 
245 1 0 |a Píšící Minervy :  |b vybrané kapitoly z dějin české literární kritiky /  |c Libuše Heczková 
250 |a Vyd. 1. 
260 |a V Praze :  |b Filozofická fakulta Univerzity Karlovy,  |c 2009 
300 |a 402 s. ;  |c 19 cm 
490 1 |a Mnemosyne ;  |v sv. 1 
504 |a Obsahuje bibliografie, bibliografické odkazy a rejstřík 
546 |a Anglické resumé 
648 7 |a 19.-20. století  |7 ch757015  |2 czenas 
650 0 7 |a česká literatura  |7 ph116858  |y 19.-20. století  |2 czenas 
650 0 7 |a ženy v literatuře  |7 ph127972  |z Česko  |y 19.-20. století  |2 czenas 
650 0 7 |a publicistika  |7 ph124828  |z Česko  |y 19.-20. století  |2 czenas 
650 0 7 |a feministická literární kritika  |7 ph120157  |z Česko  |y 19.-20. století  |2 czenas 
650 0 7 |a ženská emancipace  |7 ph127961  |z Česko  |y 19.-20. století  |2 czenas 
650 0 9 |a Czech literature  |y 19th-20th centuries  |2 eczenas 
650 0 9 |a women in literature  |z Czechia  |y 19th-20th centuries  |2 eczenas 
650 0 9 |a publicistic  |z Czechia  |y 19th-20th centuries  |2 eczenas 
650 0 9 |a feminist literary criticism  |z Czechia  |y 19th-20th centuries  |2 eczenas 
650 0 9 |a emancipation of women  |z Czechia  |y 19th-20th centuries  |2 eczenas 
655 7 |a studie  |7 fd133597  |2 czenas 
655 9 |a studies  |2 eczenas 
810 2 |a Univerzita Karlova.  |b Filozofická fakulta.  |t Mnemosyne  |0 s 
856 4 1 |u http://www.digitalniknihovna.cz/mzk/uuid/uuid:7a706c60-0606-11ea-af21-005056827e52  |y Digitalizovaný dokument  |x NDK 
910 2 |a BOA001  |b 1-1234.537 
928 9 |a Univerzita Karlova, Filozofická fakulta 
990 |a BK 
995 |a 01 
991 |b 201001  |c NOV  |j 821.162.3 HEC 
996 6 |b 2610377251  |c 1-1234.537  |l MZK  |r Sklad / do 1 hodiny  |n 39  |p p.v.  |w 001101022  |u 000010  |a 1  |e BOA001  |j MZK50  |s P